Ako kalendár pôsobí na dianie na kapitálovom trhu

Sezónne faktory a ich vplyv na trh. Investori a "kalendár".

Gespeichert in:
Bibliographische Detailangaben
1. Verfasser: Bačišin, Vladimír
Format: Buchkapitel
Sprache:Slowakisch
Schlagworte:
Tags: Tag hinzufügen
Keine Tags, Fügen Sie das erste Tag hinzu!

MARC

LEADER 00000nla$a2200000$$$4500
001 0065293
005 20231121080728.9
041 0 |a slo 
044 |a SK 
245 1 0 |a Ako kalendár pôsobí na dianie na kapitálovom trhu  |c Vladimír Bačišin 
520 |a Sezónne faktory a ich vplyv na trh. Investori a "kalendár". 
610 2 0 |a trh kapitálový 
610 2 0 |a sezónnosť 
610 2 0 |a investori 
610 2 0 |a investovanie 
610 2 0 |a psychológia 
100 1 |a Bačišin, Vladimír